000
00269nam a2200109Ia 4500
001
1265571
005
20260417142029.0
008
260417s9999 xx 000 0 und d
020
_a
9786256999176
245
0
_a
Kelleci Memet
_c
Kemal Tahir
260
_b
Ketebe Yayınları
999
_c
1265571
_d
1265571